A monograph on Byrlutigudom, 1965, pt.6, no.33: (Record no. 53745)

MARC details
000 -LEADER
fixed length control field 01730nam a2200445 a 4500
001 - CONTROL NUMBER
control field vtls000049662
003 - CONTROL NUMBER IDENTIFIER
control field NLI
005 - DATE AND TIME OF LATEST TRANSACTION
control field 20210601185756.0
008 - FIXED-LENGTH DATA ELEMENTS--GENERAL INFORMATION
fixed length control field 101125s1963 ii f000 0 eng
039 #9 - LEVEL OF BIBLIOGRAPHIC CONTROL AND CODING DETAIL [OBSOLETE]
-- 201011250450
-- VLOAD
040 0# - CATALOGING SOURCE
Original cataloging agency NLI
Language of cataloging eng
Transcribing agency VERGIS-2003
041 0# - LANGUAGE CODE
Language code of text/sound track or separate title eng
044 ## - COUNTRY OF PUBLISHING/PRODUCING ENTITY CODE
MARC country code ii
082 04 - DEWEY DECIMAL CLASSIFICATION NUMBER
Classification number 312
110 1# - MAIN ENTRY--CORPORATE NAME
Corporate name or jurisdiction name as entry element India.
Subordinate unit Ministry of Home Affairs.
-- Office of the Registrar General and Census Commissioner
240 10 - UNIFORM TITLE
Uniform title [Census of India, 1961]
245 12 - TITLE STATEMENT
Title A monograph on Byrlutigudom, 1965, pt.6, no.33:
Remainder of title vol.2, Andhra Pradesh/
Statement of responsibility, etc. Superintendent of Census Operations, Govt of Andhra Pradesh
260 ## - PUBLICATION, DISTRIBUTION, ETC.
Place of publication, distribution, etc. Delhi:
Name of publisher, distributor, etc. The Manager of Publications,
Date of publication, distribution, etc. 1963
300 ## - PHYSICAL DESCRIPTION
Extent (various pagings);
Dimensions 27 cm.
440 #0 - SERIES STATEMENT/ADDED ENTRY--TITLE
Title Village survey monographs
Number of part/section of a work no.33
9 (RLIN) 129145
500 ## - GENERAL NOTE
General note Library has 2 Cops.
500 ## - GENERAL NOTE
General note At head of title Census of India, 1961
546 ## - LANGUAGE NOTE
Language note eng
650 #0 - SUBJECT ADDED ENTRY--TOPICAL TERM
Topical term or geographic name entry element Demography
Geographic subdivision India
-- Andhra Pradesh
650 #0 - SUBJECT ADDED ENTRY--TOPICAL TERM
Topical term or geographic name entry element Rural population
Geographic subdivision India
-- Andhra Pradesh
650 #0 - SUBJECT ADDED ENTRY--TOPICAL TERM
Topical term or geographic name entry element City dwellers
Geographic subdivision India
-- Andhra Pradesh
651 #0 - SUBJECT ADDED ENTRY--GEOGRAPHIC NAME
Geographic name Andhra Pradesh (India)
General subdivision Census
Chronological subdivision 1961
651 #0 - SUBJECT ADDED ENTRY--GEOGRAPHIC NAME
Geographic name Andhra Pradesh (India)
General subdivision Population
-- Statistics
Chronological subdivision 1961
887 ## - NON-MARC INFORMATION FIELD
Content of non-MARC field
901 ## - LOCAL DATA ELEMENT A, LDA (RLIN)
a I.O.D.43738
b 5/1/66 (1961) v.2 pt.6 no.33
901 ## - LOCAL DATA ELEMENT A, LDA (RLIN)
a I.O.D.43737
b 5/1/66 (1961) v.2 pt.6 no.33 Cop.2
902 ## - LOCAL DATA ELEMENT B, LDB (RLIN)
a G.P. 312 (54) In 2
906 ## - LOCAL DATA ELEMENT F, LDF (RLIN)
a 1981
906 ## - LOCAL DATA ELEMENT F, LDF (RLIN)
a 1982
949 ## - LOCAL PROCESSING INFORMATION (OCLC)
-- VIRTUAITEM
-- 10000
-- 1
-- 100
6 IOD000043738ENG
9 v.2 pt.6 no.33
a GP 312 (54) In2(1961)v.2pt.6no.33
m 54
942 ## - ADDED ENTRY ELEMENTS (KOHA)
Source of classification or shelving scheme Dewey Decimal Classification
Koha item type Books
949 ## - LOCAL PROCESSING INFORMATION (OCLC)
-- VIRTUAITEM
-- 10000
-- 2
-- 100
6 IOD000043737ENG
9 v.2 pt.6 no.33
a GP 312 (54) In2(1961)v.2pt.6no.33c.2
m 54
Holdings
Withdrawn status Lost status Damaged status Not for loan Collection code Home library Current library Shelving location Date acquired Total Checkouts Full call number Barcode Date last seen Copy/Vol. number Price effective from Koha item type
        Government Publications National Library of India National Library of India Annexe Reading Room & Stack Division     G.P. 312 (54) In 2 IOD000043738ENG 01/06/2021 54 01/06/2021 Books
        Government Publications National Library of India National Library of India Annexe Reading Room & Stack Division     G.P. 312 (54) In 2 IOD000043737ENG 01/06/2021 54 01/06/2021 Books
                                                                           
web counter

Copyright ©2020 The National Library of India, Govt. of India ↔ Hosted by NVLI, MOC ↔ Technology and Design by National Library of India, Ministry of Culture, Govt. of India